Statistics for 'I Am Moana' Lyrics

Click here to take the quiz!

General Stats

  • This quiz has been taken 318 times
  • The average score is 26 of 34

Answer Stats

LyricsLyrics% Correct
I know a ___ from an islandgirl
96%
She makes her whole family ___proud
93%
I'm the girl who loves the ___sea
89%
Who __ I?am
88%
Moana you've come so ___far
88%
Do you ___ who you are?know
88%
She ___ the sea and her peopleloves
87%
I am _____!Moana
87%
The journey may leave a ___scar
87%
I am a girl who loves my ____island
86%
They call __me
86%
It ___ mecalls
84%
I am the daughter of the village ____chief
84%
She stands apart from the ____crowd
84%
Sometimes the ____ seems against youworld
84%
We are descended from _____voyagers
81%
The things you have learned will ____ youguide
80%
I know the ___way
79%
And nothing on ____ can silenceEarth
77%
I will carry you here in my ____ you'll remind meheart
76%
And when that voice starts to _____whisper
75%
It's like the ___; always falling and risingtide
70%
That come what ___may
68%
But scars can heal and ____ just where you arereveal
67%
I've _____ us to where we aredelivered
66%
It's ____ meinside
66%
____ it calls meStill
66%
I am _____ I've learned and moreeverything
65%
I have ______ fartherjourneyed
65%
Moana, ____listen
65%
Who ____ their way across the worldfound
63%
The ____ voice still inside youquiet
63%
The people you love will ____ youchange
61%
And then the call ____ out there at allisn't
60%

Score Distribution

Percentile by Number Answered

Percent of People with Each Score

Your Score History

You have not taken this quiz